[Event "FISU World University-ch 2020"]
[Site "Online"]
[Date "2020.10.26"]
[Round "6.33"]
[White "Li, Ruofan"]
[Black "De Silva, Shelani"]
[Result "0-1"]
[WhiteElo "2323"]
[BlackElo "1511"]
[Annotator "ChessBase"]
[PlyCount "44"]
[EventDate "2020.10.26"]
[SourceTitle "playchess.com"]
[Source "ChessBase"]
[SourceQuality "1"]

1. e4 c5 2. Nf3 d6 3. d4 cxd4 4. Nxd4 a6 5. Bc4 e6 6. a4 Be7 7. O-O Nf6 8. Nc3 O-O 9. Re1 Nc6 10. Nxc6 bxc6 11. e5 dxe5 12. Bg5 Qc7 13. Qf3 Nd5 14. Bxe7 Nxe7 15. a5 Nf5 16. Qe4 Nd4 17. Qxe5 Qxe5 18. Rxe5 Nxc2 19. Rc1 Nb4 20. Bd3 Nxd3 21. Ree1 Nxe1 22. Rxe1 Bb7 0-1

[Event "FISU World University-ch 2020"]
[Site "Online"]
[Date "2020.10.26"]
[Round "6.33"]
[White "Chen, Yiru"]
[Black "Jayaweera, K P C D B"]
[Result "1-0"]
[WhiteElo "1828"]
[BlackElo "1576"]
[Annotator "NA"]
[PlyCount "47"]
[EventDate "2020.10.26"]
[SourceTitle "playchess.com"]
[Source "ChessBase"]
[SourceQuality "1"]

1. e4 c5 2. Nf3 d6 3. d4 cxd4 4. Nxd4 Nf6 5. Nc3 g6 6. Be3 Bg7 7. Qd2 O-O 8. f3 Nc6 9. O-O-O Bd7 10. Kb1 Rc8 11. g4 Ne5 12. h4 Nc4 13. Bxc4 Rxc4 14. h5 Qa5 15. Nd5 Qd8 16. Bh6 Nxe4 17. fxe4 Rxd4 18. Qg5 Rxd1+ 19. Rxd1 f6 20. Qd2 Bxg4 21. Rg1 Bxh5 22. Bxg7 Kxg7 23. Nf4 Bf3 24. Ne6+ 1-0

[Event "FISU World University-ch 2020"]
[Site "Online"]
[Date "2020.10.26"]
[Round "6.34"]
[White "Gasic Merino, Franco"]
[Black "Muniz, Francisco Allysson d"]
[Result "1-0"]
[WhiteElo "2204"]
[BlackElo "2061"]
[Annotator "TA"]
[PlyCount "115"]
[EventDate "2020.10.26"]
[SourceTitle "playchess.com"]
[Source "ChessBase"]
[SourceQuality "1"]

1. d4 d5 2. Nf3 Nf6 3. c4 c6 4. g3 Bf5 5. Nc3 h6 6. cxd5 Nxd5 7. Qb3 Qb6 8. Nxd5 Qxb3 9. Nc7+ Kd8 10. axb3 Kxc7 11. Bf4+ Kc8 12. Ne5 Be6 13. Nc4 Nd7 14. Bg2 g5 15. Be3 Bg7 16. h4 Bd5 17. Kf1 g4 18. Rc1 Bxg2+ 19. Kxg2 Nb6 20. Nxb6+ axb6 21. d5 Kc7 22. Bf4+ Kd7 23. dxc6+ bxc6 24. Rhd1+ Ke8 25. Rxc6 Bxb2 26. Bxh6 b5 27. Bg5 f6 28. Bf4 Kf7 29. Rc2 Ba3 30. Rd5 b4 31. Rd7 Rac8 32. Rcc7 Rxc7 33. Rxc7 Ke6 34. Be3 Bb2 35. Bc5 Bc3 36. Rxe7+ Kd5 37. Be3 f5 38. Ra7 Ke4 39. Rd7 Ke5 40. Rb7 Kd5 41. Rb5+ Ke4 42. Bc5 f4 43. Bxb4 f3+ 44. exf3+ gxf3+ 45. Kg1 Bd4 46. Be7 Rc8 47. Bg5 Ra8 48. Rb4 Kd3 49. Rc4 Bc3 50. Be3 Ra1+ 51. Kh2 Ra2 52. Rf4 Ke2 53. Kh3 Ra8 54. h5 Be1 55. g4 Bxf2 56. Bxf2 Kxf2 57. g5 Ra5 58. Kg4 1-0

[Event "FISU World University-ch 2020"]
[Site "Online"]
[Date "2020.10.26"]
[Round "6.34"]
[White "Perez Hueica, Elias"]
[Black "Assuncao, Darlane Brito"]
[Result "1-0"]
[WhiteElo "1934"]
[BlackElo "1705"]
[Annotator "TA"]
[PlyCount "45"]
[EventDate "2020.10.26"]
[SourceTitle "playchess.com"]
[Source "ChessBase"]
[SourceQuality "1"]

1. e4 d6 2. d4 Nf6 3. Nc3 g6 4. Be3 Bg7 5. f3 O-O 6. Qd2 Nbd7 7. O-O-O a6 8. h4 b5 9. Bh6 Bb7 10. Bxg7 Kxg7 11. h5 c5 12. hxg6 fxg6 13. e5 dxe5 14. dxe5 Nxe5 15. Qh6+ Kg8 16. Rxd8 Raxd8 17. Qh2 Nf7 18. Nge2 Rd7 19. Nf4 b4 20. Ne4 Bxe4 21. fxe4 Rfd8 22. Bc4 e5 23. Nxg6 1-0

[Event "FISU World University-ch 2020"]
[Site "Online"]
[Date "2020.10.26"]
[Round "6.34"]
[White "Araujo, Lucas Filipe Echer"]
[Black "Leon Badillo, Antonia"]
[Result "1-0"]
[WhiteElo "1788"]
[BlackElo "1320"]
[Annotator "NA"]
[PlyCount "69"]
[EventDate "2020.10.26"]
[SourceTitle "playchess.com"]
[Source "ChessBase"]
[SourceQuality "1"]

1. c4 e6 2. Nc3 d5 3. cxd5 exd5 4. d4 c6 5. g3 Nf6 6. Bg2 Bb4 7. Nf3 Bxc3+ 8. bxc3 O-O 9. O-O Be6 10. Qc2 Nbd7 11. Re1 Re8 12. Rb1 Qc8 13. Ng5 g6 14. Nxe6 Rxe6 15. Bg5 b6 16. Bh3 Ne4 17. Bxe6 Nxg5 18. Bg4 h5 19. Bf3 Qc7 20. h4 Ne6 21. e4 Qd6 22. exd5 cxd5 23. Qb3 Nf6 24. Re5 Rd8 25. Rbe1 Nc7 26. Qa4 Ra8 27. c4 Nd7 28. Bxd5 Nxe5 29. dxe5 Qd8 30. Bxa8 Qxa8 31. Qd7 Ne6 32. Qd5 Qc8 33. Rd1 Kg7 34. Rd2 Qc7 35. Kg2 1-0

[Event "FISU World University-ch 2020"]
[Site "Online"]
[Date "2020.10.26"]
[Round "6.36"]
[White "Frankental, David"]
[Black "Tapia Alvarez, Alejandro"]
[Result "1-0"]
[WhiteElo "1938"]
[BlackElo "1450"]
[Annotator "TA"]
[PlyCount "57"]
[EventDate "2020.10.26"]
[SourceTitle "playchess.com"]
[Source "ChessBase"]
[SourceQuality "1"]

1. d4 Nf6 2. c4 g6 3. Nc3 Bg7 4. e4 d6 5. Be2 O-O 6. Be3 Nbd7 7. g4 e5 8. d5 c6 9. g5 Ne8 10. h4 cxd5 11. cxd5 Nb6 12. Qd2 f5 13. gxf6 Qxf6 14. O-O-O Bd7 15. h5 Rc8 16. hxg6 Qxg6 17. Kb1 Nc4 18. Bxc4 Rxc4 19. Nge2 Nf6 20. f3 Nh5 21. Rdg1 Qf7 22. Bh6 Qxf3 23. Rxh5 Qxh5 24. Rxg7+ Kh8 25. Rxd7 Rf1+ 26. Kc2 Kg8 27. Qd3 Rc5 28. Qg3+ Qg6 29. Rg7+ 1-0

[Event "FISU World University-ch 2020"]
[Site "Online"]
[Date "2020.10.26"]
[Round "6.36"]
[White "Mendez Gonzalez, Jose Armando"]
[Black "Cilento, Lucas Geraldo"]
[Result "0-1"]
[WhiteElo "1588"]
[BlackElo "1952"]
[Annotator "NA"]
[PlyCount "80"]
[EventDate "2020.10.26"]
[SourceTitle "playchess.com"]
[Source "ChessBase"]
[SourceQuality "1"]

1. e4 c5 2. Nc3 Nc6 3. Bb5 e6 4. Bxc6 bxc6 5. f4 d5 6. d3 g6 7. Nf3 Bg7 8. O-O Ne7 9. Qe1 O-O 10. Kh1 c4 11. Qh4 cxd3 12. cxd3 Ba6 13. Rd1 Qc7 14. f5 dxe4 15. dxe4 exf5 16. Bh6 fxe4 17. Bxg7 exf3 18. Qf6 fxg2+ 19. Kg1 Qb6+ 20. Rd4 Nf5 21. Bh8 Qxd4+ 22. Qxd4 Nxd4 23. Bxd4 Rfd8 24. Bf6 Rd2 25. Ne4 Re2 26. Nc5 Bc4 27. b3 Bd5 28. Nd3 Rae8 29. Bh4 f5 30. Bg3 g5 31. Bf2 f4 32. Bxa7 f3 33. Bf2 h5 34. h3 Rd2 35. Ne1 Ree2 36. Bc5 Rxa2 37. Rxa2 Rxa2 38. Nd3 Ra1+ 39. Kh2 h4 40. Nb4 Rh1# 0-1

[Event "FISU World University-ch 2020"]
[Site "Online"]
[Date "2020.10.26"]
[Round "6.37"]
[White "Muhseen Abdullah Mohammed"]
[Black "Kottahachchi, A S"]
[Result "0-1"]
[WhiteElo "2200"]
[BlackElo "1400"]
[Annotator "TA"]
[PlyCount "66"]
[EventDate "2020.10.26"]
[SourceTitle "playchess.com"]
[Source "ChessBase"]
[SourceQuality "1"]

1. d4 Nf6 2. Bf4 g6 3. e3 Bg7 4. Nf3 d6 5. Be2 O-O 6. c3 Nh5 7. Bg3 Nxg3 8. hxg3 e5 9. d5 Nd7 10. Qc2 f5 11. Nbd2 Nf6 12. c4 c6 13. dxc6 bxc6 14. c5 e4 15. Nd4 dxc5 16. Qxc5 Bd7 17. Rc1 Rb8 18. b3 Qb6 19. O-O Rfc8 20. Bc4+ Kh8 21. Qd6 c5 22. Qxb6 axb6 23. Nb5 Rd8 24. Rfd1 Bc6 25. Na7 Be8 26. Nb5 Ng4 27. a4 Ne5 28. Be2 Nd3 29. Bxd3 Rxd3 30. Rb1 Rbd8 31. Nc7 Bf7 32. b4 Rxd2 33. Rdc1 cxb4 0-1

[Event "FISU World University-ch 2020"]
[Site "Online"]
[Date "2020.10.26"]
[Round "7.1"]
[White "Liu, Yan"]
[Black "Agibileg, Uurtsaikh"]
[Result "1-0"]
[WhiteElo "2524"]
[BlackElo "2413"]
[Annotator "TA"]
[PlyCount "115"]
[EventDate "2020.10.26"]
[SourceTitle "playchess.com"]
[Source "ChessBase"]
[SourceQuality "1"]

1. Nf3 Nf6 2. c4 g6 3. g3 Bg7 4. Bg2 O-O 5. O-O d6 6. d4 Nbd7 7. Qc2 e5 8. Rd1 Qe7 9. Nc3 Re8 10. e4 exd4 11. Nxd4 c6 12. Bf4 Ne5 13. b3 h6 14. h3 Kh7 15. Rd2 Nfd7 16. Be3 Nc5 17. f4 Ned7 18. Bf2 Nf6 19. Re1 a5 20. e5 dxe5 21. Rxe5 Ne6 22. Nf3 Qb4 23. Na4 Nd7 24. Ree2 Nc7 25. Rxe8 Nxe8 26. Rxd7 Bxd7 27. Bc5 Bf5 28. Qc1 b5 29. Bxb4 axb4 30. cxb5 cxb5 31. Qc6 Rb8 32. Nc5 Rc8 33. Qxb5 Bf8 34. Nb7 Be4 35. Nd4 Bxb7 36. Qxb7 Rc7 37. Qb8 Re7 38. Nc6 Re1+ 39. Kf2 Re6 40. Ne5 Bc5+ 41. Kf1 Bd6 42. Qb7 Re7 43. Qd5 Bxe5 44. fxe5 Ra7 45. Be4 Ng7 46. Qc4 Ne6 47. Bd5 Ng7 48. g4 Re7 49. Bxf7 Rxe5 50. Qc8 h5 51. Qg8+ Kh6 52. Qh8+ Kg5 53. Qxg7 Re3 54. Qxg6+ Kh4 55. Qf6+ Kxh3 56. gxh5 Re4 57. Qf3+ Kh2 58. Qg2# 1-0

[Event "FISU World University-ch 2020"]
[Site "Online"]
[Date "2020.10.26"]
[Round "7.1"]
[White "Chen, Qi b"]
[Black "Uuriintuya, Uurtsaikh"]
[Result "1/2-1/2"]
[WhiteElo "2493"]
[BlackElo "2288"]
[Annotator "TA"]
[PlyCount "122"]
[EventDate "2020.10.26"]
[SourceTitle "playchess.com"]
[Source "ChessBase"]
[SourceQuality "1"]

1. e4 c5 2. Nf3 g6 3. d4 cxd4 4. Nxd4 Bg7 5. Nc3 Nc6 6. Be3 Nf6 7. Bc4 O-O 8. Bb3 d6 9. h3 Bd7 10. O-O Rc8 11. Re1 Na5 12. Qd3 a6 13. Rad1 b5 14. Bg5 h6 15. Bxf6 Bxf6 16. e5 Bxe5 17. Qxg6+ Bg7 18. Nf5 Bxf5 19. Qxf5 Nxb3 20. cxb3 e6 21. Qf4 d5 22. Rd3 Qf6 23. Qd6 Rfd8 24. Qxa6 b4 25. Na4 Rc2 26. Rf3 Qe7 27. Qd3 Qc7 28. a3 e5 29. Rg3 e4 30. Qd1 f5 31. Qh5 f4 32. Rg4 bxa3 33. bxa3 Kh8 34. b4 Rc1 35. Rxc1 Qxc1+ 36. Kh2 e3 37. fxe3 fxe3 38. Rxg7 Kxg7 39. Qe5+ Kf7 40. Qf5+ Ke7 41. Nc5 Qc3 42. Qe6+ Kf8 43. Qxh6+ Kf7 44. Qh5+ Ke7 45. Qh7+ Ke8 46. Qg8+ Ke7 47. Qg5+ Ke8 48. Qh5+ Ke7 49. Qh7+ Ke8 50. Qg6+ Ke7 51. Qe6+ Kf8 52. h4 Qh8 53. Qf5+ Ke8 54. Qg6+ Ke7 55. Qe6+ Kf8 56. Qf5+ Ke7 57. Qe6+ Kf8 58. Qf5+ Ke7 59. Qe6+ Kf8 60. Qf5+ Ke7 61. Qe6+ Kf8 1/2-1/2

[Event "FISU World University-ch 2020"]
[Site "Online"]
[Date "2020.10.26"]
[Round "7.1"]
[White "Bilguun, Sumiya"]
[Black "Lu, Shanglei"]
[Result "1/2-1/2"]
[WhiteElo "2454"]
[BlackElo "2615"]
[Annotator "TA"]
[PlyCount "24"]
[EventDate "2020.10.26"]
[SourceTitle "playchess.com"]
[Source "ChessBase"]
[SourceQuality "1"]

1. e4 c5 2. Nf3 d6 3. d4 cxd4 4. Nxd4 Nf6 5. Nc3 a6 6. Be2 e5 7. Nf3 Be7 8. O-O O-O 9. Be3 Ng4 10. Bc1 Nf6 11. Be3 Ng4 12. Bc1 Nf6 1/2-1/2

[Event "FISU World University-ch 2020"]
[Site "Online"]
[Date "2020.10.26"]
[Round "7.1"]
[White "Garidmagnai, Byambasuren"]
[Black "Lei, Tingjie"]
[Result "0-1"]
[WhiteElo "2369"]
[BlackElo "2505"]
[Annotator "TA"]
[PlyCount "70"]
[EventDate "2020.10.26"]
[SourceTitle "playchess.com"]
[Source "ChessBase"]
[SourceQuality "1"]

1. d4 Nf6 2. c4 e6 3. Nc3 Bb4 4. Qc2 O-O 5. Nf3 b6 6. e3 Bb7 7. Bd3 d6 8. Bd2 Nbd7 9. a3 Bxc3 10. Bxc3 Qe7 11. O-O Bxf3 12. gxf3 e5 13. Kh1 Rae8 14. Rg1 g6 15. b4 e4 16. fxe4 Nxe4 17. Bb2 Qh4 18. Rg2 Ndf6 19. d5 Nh5 20. Rag1 Qe7 21. Bd4 Ng7 22. f3 Nf6 23. Qb2 Nfh5 24. Rg5 f5 25. Qc2 Qd7 26. f4 c6 27. Qg2 c5 28. Ba1 Rxe3 29. Qd2 Qe7 30. bxc5 bxc5 31. Bb1 Rb8 32. Bxf5 Nxf5 33. Rxh5 Qe4+ 34. Qg2 Qxg2+ 35. Rxg2 Rb1+ 0-1

[Event "FISU World University-ch 2020"]
[Site "Online"]
[Date "2020.10.26"]
[Round "7.2"]
[White "Albornoz Cabrera, Carlos Daniel"]
[Black "Zarubitski, Viachaslau"]
[Result "1-0"]
[WhiteElo "2573"]
[BlackElo "2442"]
[Annotator "TA"]
[PlyCount "77"]
[EventDate "2020.10.26"]
[SourceTitle "playchess.com"]
[Source "ChessBase"]
[SourceQuality "1"]

1. e4 e5 2. Nf3 Nf6 3. Nxe5 d6 4. Nf3 Nxe4 5. d4 d5 6. Bd3 Bd6 7. O-O O-O 8. c4 c6 9. Qc2 Na6 10. a3 Bg4 11. Ne5 Bxe5 12. dxe5 Nac5 13. f3 Nxd3 14. Qxd3 Nc5 15. Qd4 Nb3 16. Qxg4 Nxa1 17. Bh6 g6 18. Nc3 Qb6+ 19. Rf2 f5 20. Qf4 Rfe8 21. cxd5 cxd5 22. Nxd5 Qc5 23. Nf6+ Kf7 24. Ne4 Qxe5 25. Ng5+ Kf6 26. Nxh7+ Kf7 27. Qc4+ Re6 28. Ng5+ Kf6 29. Nxe6 Qxe6 30. Qc3+ Ke7 31. Qg7+ Kd6 32. Rd2+ Kc6 33. Qc3+ Kb6 34. Be3+ Ka6 35. Qd3+ Ka5 36. Re2 Qb3 37. Bd2+ Kb6 38. Qd6+ Kb5 39. Re5+ 1-0

[Event "FISU World University-ch 2020"]
[Site "Online"]
[Date "2020.10.26"]
[Round "7.2"]
[White "Nikitenko, Mihail"]
[Black "Campos Jimenez, Augusto Cesar"]
[Result "1-0"]
[WhiteElo "2436"]
[BlackElo "2353"]
[Annotator "TA"]
[PlyCount "85"]
[EventDate "2020.10.26"]
[SourceTitle "playchess.com"]
[Source "ChessBase"]
[SourceQuality "1"]

1. c4 e5 2. g3 Nf6 3. Bg2 d5 4. cxd5 Nxd5 5. Nc3 Nb6 6. e3 Nc6 7. Nge2 h5 8. d4 h4 9. d5 Nb8 10. b3 Na6 11. Bb2 h3 12. Be4 Nc5 13. Qc2 Bd6 14. Nb5 O-O 15. Nxd6 cxd6 16. O-O Bg4 17. Bh1 Rc8 18. Qd2 Qe7 19. f3 Bd7 20. Nc3 f5 21. Rae1 e4 22. fxe4 fxe4 23. Ba1 Bg4 24. Rf4 Bf5 25. Ref1 Bg6 26. Rxf8+ Rxf8 27. Rxf8+ Qxf8 28. b4 Ncd7 29. Nxe4 Nc4 30. Qf2 Qe7 31. Qf4 Nde5 32. Bd4 a6 33. Ng5 Nd3 34. Qg4 Nxe3 35. Qc8+ Qe8 36. Qxe8+ Bxe8 37. Bxe3 Nxb4 38. a3 Nc2 39. Bc1 Bd7 40. Kf2 Nd4 41. Ne4 Nb3 42. Bf4 Nc5 43. Bxd6 1-0

[Event "FISU World University-ch 2020"]
[Site "Online"]
[Date "2020.10.26"]
[Round "7.2"]
[White "Elias Reyes, Jorge Roberto"]
[Black "Ivannikau, Maksim"]
[Result "1-0"]
[WhiteElo "2428"]
[BlackElo "2224"]
[Annotator "RC"]
[PlyCount "93"]
[EventDate "2020.10.26"]
[SourceTitle "playchess.com"]
[Source "ChessBase"]
[SourceQuality "1"]

1. Nf3 g6 2. c4 Bg7 3. d4 Nf6 4. g3 O-O 5. Bg2 d6 6. O-O Nc6 7. Nc3 e5 8. dxe5 Nxe5 9. b3 Nfd7 10. Nd4 Nc5 11. Bb2 a5 12. Ndb5 Bd7 13. Qc2 Bf5 14. e4 Bd7 15. Rad1 Bc6 16. Nd5 Bxd5 17. cxd5 Qd7 18. a4 Rae8 19. h3 Qd8 20. f4 Ned7 21. Rfe1 Bxb2 22. Qxb2 f6 23. Qc3 b6 24. h4 Nb8 25. Re2 Nba6 26. Rde1 Nb4 27. Re3 Rf7 28. Bh3 Kg7 29. Nd4 Rfe7 30. Be6 Nxe6 31. Nxe6+ Rxe6 32. dxe6 Rxe6 33. Qc4 Qe7 34. Rc1 c5 35. Qe2 d5 36. e5 f5 37. h5 d4 38. Rf3 gxh5 39. Kg2 h4 40. Rh1 Rg6 41. Kf2 hxg3+ 42. Rxg3 Nd5 43. Rxh7+ Kxh7 44. Qh5+ Rh6 45. Qxf5+ Kh8 46. Qc8+ Kh7 47. Qg8# 1-0

[Event "FISU World University-ch 2020"]
[Site "Online"]
[Date "2020.10.26"]
[Round "7.2"]
[White "Ilyuchyk, Yana"]
[Black "Alfonso Ruisanchez, Laritza"]
[Result "1-0"]
[WhiteElo "2119"]
[BlackElo "2108"]
[Annotator "TA"]
[PlyCount "89"]
[EventDate "2020.10.26"]
[SourceTitle "playchess.com"]
[Source "ChessBase"]
[SourceQuality "1"]

1. e4 c5 2. Nf3 d6 3. d4 cxd4 4. Nxd4 Nf6 5. Nc3 a6 6. h3 e6 7. g4 d5 8. exd5 Nxd5 9. Nde2 Bb4 10. Bg2 Nxc3 11. Qxd8+ Kxd8 12. Nxc3 Ke7 13. Bd2 Nc6 14. O-O-O Bd7 15. a3 Bc5 16. Ne4 Bb6 17. Bc3 e5 18. Nd6 Bxf2 19. Nxf7 Rhf8 20. Nxe5 Nxe5 21. Bxe5 Ke6 22. Bxg7 Rf4 23. Bh6 Rf6 24. Bg5 Rff8 25. Bd5+ Ke5 26. Bxb7 Bb5 27. Bxa8 Rxa8 28. Rh2 Rf8 29. b3 Ke4 30. c4 Bc6 31. Kc2 Kf3 32. Rd3+ Ke2 33. Rd2+ Kf1 34. Be3 Be4+ 35. Kb2 Be1 36. Rd1 Bc6 37. Bd2 Re8 38. Rxe1+ Rxe1 39. Bxe1 Kxe1 40. b4 Bf3 41. b5 Bb7 42. a4 axb5 43. axb5 Kf1 44. c5 Kg1 45. Rd2 1-0

[Event "FISU World University-ch 2020"]
[Site "Online"]
[Date "2020.10.26"]
[Round "7.3"]
[White "Makhnev, Denis"]
[Black "Roshka, Yevgeniy"]
[Result "1-0"]
[WhiteElo "2486"]
[BlackElo "2476"]
[Annotator "TA"]
[PlyCount "81"]
[EventDate "2020.10.26"]
[SourceTitle "playchess.com"]
[Source "ChessBase"]
[SourceQuality "1"]

1. d4 Nf6 2. c4 e6 3. g3 c5 4. d5 exd5 5. cxd5 d6 6. Nc3 g6 7. Bg2 Bg7 8. Nf3 O-O 9. O-O Re8 10. Bf4 a6 11. a4 Nh5 12. Bg5 Qc7 13. Rc1 Nd7 14. Re1 Ne5 15. b4 b6 16. a5 Bd7 17. axb6 Qxb6 18. bxc5 Qxc5 19. Ne4 Qb4 20. Nxe5 Rxe5 21. Bd2 Rxe4 22. Bxb4 Rxb4 23. Rc7 Be8 24. Qc1 Rbb8 25. e4 Be5 26. Qc4 Bb5 27. Qa2 Nf6 28. Bf1 Ne8 29. Rc2 Bd7 30. Rb1 a5 31. Rxb8 Rxb8 32. Qxa5 Rb1 33. Kg2 Nf6 34. Qd8+ Kg7 35. Rc7 Be8 36. Re7 Ba4 37. Qc7 Be8 38. Rxe5 dxe5 39. Qxe5 Rb6 40. Qd4 Rd6 41. e5 1-0

[Event "FISU World University-ch 2020"]
[Site "Online"]
[Date "2020.10.26"]
[Round "7.3"]
[White "Bakhmatsky, Vladislav"]
[Black "Serikbay, Assel"]
[Result "1/2-1/2"]
[WhiteElo "2438"]
[BlackElo "2247"]
[Annotator "TA"]
[PlyCount "144"]
[EventDate "2020.10.26"]
[SourceTitle "playchess.com"]
[Source "ChessBase"]
[SourceQuality "1"]

1. e4 c5 2. Nf3 e6 3. d4 cxd4 4. Nxd4 a6 5. Nc3 Qc7 6. Bd3 Nf6 7. Qe2 Nc6 8. Nxc6 bxc6 9. e5 Nd5 10. Nxd5 cxd5 11. O-O Be7 12. Re1 h5 13. Bd2 g6 14. b4 Bb7 15. a4 Kf8 16. Rab1 Kg7 17. b5 axb5 18. axb5 h4 19. h3 Rh5 20. Bb4 Bxb4 21. Rxb4 d6 22. exd6 Qxd6 23. Rg4 e5 24. Qd2 f5 25. Rg5 Rxg5 26. Qxg5 Qf6 27. Qd2 e4 28. Bf1 f4 29. Rd1 Ra2 30. Qe2 Qc3 31. Rc1 Qb2 32. Qd1 d4 33. Bc4 Ra4 34. Bb3 Rb4 35. Rb1 Qc3 36. Qg4 Qc7 37. Qe6 Rxb5 38. Rd1 Re5 39. Qg8+ Kf6 40. Rxd4 Qe7 41. Qh8+ Kg5 42. Kh2 e3 43. fxe3 Rxe3 44. Qb8 Qe5 45. Qxe5+ Rxe5 46. Rd2 Kf5 47. Bc4 g5 48. Be2 Be4 49. Bg4+ Kf6 50. Kg1 Rc5 51. Bd1 Ke5 52. Kf2 Rc3 53. Rd8 Bxc2 54. Bxc2 Rxc2+ 55. Kf3 Rc3+ 56. Kf2 Kf5 57. Rf8+ Kg6 58. Rg8+ Kf6 59. Ra8 Rg3 60. Rf8+ Kg7 61. Rf5 Kg6 62. Rf8 Rb3 63. Ra8 f3 64. gxf3 Rb2+ 65. Kg1 Kf5 66. Ra4 Rb3 67. Kg2 Rb2+ 68. Kg1 Rb1+ 69. Kg2 Rb2+ 70. Kg1 Rb1+ 71. Kg2 Rb2+ 72. Kg1 Rb1+ 1/2-1/2

[Event "FISU World University-ch 2020"]
[Site "Online"]
[Date "2020.10.26"]
[Round "7.3"]
[White "Peng, Li Min"]
[Black "Sadubayev, Airat"]
[Result "1/2-1/2"]
[WhiteElo "2431"]
[BlackElo "2190"]
[Annotator "TA"]
[PlyCount "72"]
[EventDate "2020.10.26"]
[SourceTitle "playchess.com"]
[Source "ChessBase"]
[SourceQuality "1"]

1. Nf3 Nf6 2. c4 c6 3. g3 d5 4. Bg2 Bg4 5. cxd5 cxd5 6. Qb3 Nc6 7. Qxb7 Bd7 8. Bh3 e6 9. Qb3 Rb8 10. Qd1 Bd6 11. d4 O-O 12. Nc3 Qb6 13. O-O Rfc8 14. Na4 Qb5 15. b3 Nb4 16. Bd2 Ne4 17. Bxb4 Bxb4 18. Ne5 Be8 19. f3 Nc3 20. Nxc3 Rxc3 21. Rf2 Rbc8 22. Bf1 Qb6 23. e4 f6 24. Nd3 Ba3 25. exd5 exd5 26. Nf4 Bf7 27. Kg2 a5 28. Bd3 R3c6 29. Bf5 R8c7 30. Rb1 g6 31. Bd3 Kg7 32. Bf1 Bd6 33. Ne2 Ba3 34. Nf4 Bd6 35. Ne2 Ba3 36. Qd3 g5 1/2-1/2

[Event "FISU World University-ch 2020"]
[Site "Online"]
[Date "2020.10.26"]
[Round "7.3"]
[White "Turar, Dastan"]
[Black "Osmak, Iulija"]
[Result "0-1"]
[WhiteElo "2229"]
[BlackElo "2438"]
[Annotator "TA"]
[PlyCount "112"]
[EventDate "2020.10.26"]
[SourceTitle "playchess.com"]
[Source "ChessBase"]
[SourceQuality "1"]

1. d4 Nf6 2. Nf3 e6 3. c4 b6 4. g3 Bb4+ 5. Bd2 Be7 6. Bg2 c6 7. Nc3 d5 8. Ne5 O-O 9. O-O Nfd7 10. Nxd7 Nxd7 11. Rc1 Bb7 12. cxd5 cxd5 13. Bf4 Nf6 14. Qb3 Qd7 15. Nb5 Bc6 16. a4 Rfc8 17. Rc3 Nh5 18. Rfc1 Nxf4 19. gxf4 a6 20. Na3 Bd8 21. f5 Bxa4 22. fxe6 fxe6 23. Rxc8 Rxc8 24. Qe3 Rxc1+ 25. Qxc1 h6 26. Bh3 Bf6 27. b3 Bc6 28. Qe3 Kf7 29. Nc2 Qd6 30. Ne1 Bg5 31. Qc3 Bb5 32. Nf3 Bf6 33. Qe3 Ke7 34. Kg2 Be8 35. Qd3 a5 36. Qa6 Qc7 37. Qd3 b5 38. Ne1 a4 39. bxa4 bxa4 40. Qa6 Qd6 41. Qa7+ Qd7 42. Qc5+ Kf7 43. Nd3 Qe7 44. Qc3 Kg8 45. Nc5 e5 46. Be6+ Kh8 47. dxe5 Bh4 48. Bxd5 Qg5+ 49. Kf1 Qf4 50. Nd3 Qf5 51. f4 Bh5 52. Bg2 Bf7 53. e4 Qg4 54. Qd2 Bc4 55. Qe2 Qd7 56. Kg1 Qxd3 0-1

[Event "FISU World University-ch 2020"]
[Site "Online"]
[Date "2020.10.26"]
[Round "7.4"]
[White "Petrosyan, Manuel"]
[Black "Srija, Seshadri"]
[Result "1-0"]
[WhiteElo "2628"]
[BlackElo "2219"]
[Annotator "TA"]
[PlyCount "77"]
[EventDate "2020.10.26"]
[SourceTitle "playchess.com"]
[Source "ChessBase"]
[SourceQuality "1"]

1. c4 e5 2. Nc3 Nc6 3. g3 g6 4. Bg2 Bg7 5. d3 Nge7 6. h4 h5 7. Nf3 d6 8. O-O Bg4 9. Rb1 a5 10. a3 O-O 11. b4 axb4 12. axb4 Re8 13. Bg5 Qd7 14. Ne4 f5 15. Nf6+ Bxf6 16. Bxf6 Qe6 17. Bg5 e4 18. b5 exf3 19. exf3 Nd4 20. Be3 Nxf3+ 21. Bxf3 Ra3 22. Bc1 Ra2 23. Bg5 Nc8 24. Bxg4 fxg4 25. Re1 Qf7 26. Rxe8+ Qxe8 27. Qb3 Qe2 28. c5+ Kg7 29. Rf1 dxc5 30. Qc3+ Kg8 31. Qc4+ Kg7 32. Qxc5 Nd6 33. Qxc7+ Nf7 34. Qxb7 Qxd3 35. Qe7 Qxb5 36. Qf6+ Kf8 37. Bh6+ Ke8 38. Qe6+ Kd8 39. Qxa2 1-0

[Event "FISU World University-ch 2020"]
[Site "Online"]
[Date "2020.10.26"]
[Round "7.4"]
[White "Harutyunian, Tigran K."]
[Black "Senthil Maran K"]
[Result "1-0"]
[WhiteElo "2549"]
[BlackElo "2246"]
[Annotator "TA"]
[PlyCount "125"]
[EventDate "2020.10.26"]
[SourceTitle "playchess.com"]
[Source "ChessBase"]
[SourceQuality "1"]

1. c4 e6 2. Nf3 d5 3. d4 Nf6 4. Nc3 c6 5. e3 Nbd7 6. b3 Bd6 7. Bb2 O-O 8. Be2 b6 9. O-O Bb7 10. Rc1 Qe7 11. Bd3 e5 12. cxd5 cxd5 13. dxe5 Nxe5 14. Be2 Nxf3+ 15. Bxf3 Rad8 16. Nb5 Bb8 17. Qd4 Rfe8 18. Rfd1 Qd7 19. a4 Rc8 20. Rxc8 Rxc8 21. Qh4 Qf5 22. Bxf6 Qxf6 23. Qxf6 gxf6 24. g3 a6 25. Nd4 Rc3 26. Nf5 Rxb3 27. Bxd5 Bxd5 28. Rxd5 Bc7 29. Rd7 Rc3 30. Nh6+ Kf8 31. Rxf7+ Ke8 32. Rxf6 b5 33. axb5 axb5 34. Nf5 b4 35. Nd4 b3 36. Nxb3 Rxb3 37. Rh6 Rb2 38. Rxh7 Be5 39. Kg2 Bc3 40. Rh5 Kf7 41. Rf5+ Kg6 42. g4 Bd2 43. Kg3 Be1 44. h4 Re2 45. Kg2 Ra2 46. e4 Re2 47. e5 Bc3 48. h5+ Kg7 49. Kg3 Rxe5 50. Rf3 Ba5 51. Rd3 Bc7 52. f4 Re7 53. g5 Kf7 54. Kg4 Bb8 55. Rd4 Rb7 56. h6 Kg6 57. f5+ Kf7 58. g6+ Kf6 59. h7 Kg7 60. f6+ Kxg6 61. h8=Q Be5 62. Qh5+ Kxf6 63. Qf5+ 1-0

[Event "FISU World University-ch 2020"]
[Site "Online"]
[Date "2020.10.26"]
[Round "7.4"]
[White "Muthaiah AL"]
[Black "Martirosyan, Haik M."]
[Result "0-1"]
[WhiteElo "2400"]
[BlackElo "2622"]
[Annotator "TA"]
[PlyCount "116"]
[EventDate "2020.10.26"]
[SourceTitle "playchess.com"]
[Source "ChessBase"]
[SourceQuality "1"]

1. d4 Nf6 2. c4 e6 3. Nf3 b6 4. g3 Ba6 5. Qa4 Bb7 6. Bg2 c5 7. dxc5 bxc5 8. O-O Be7 9. Rd1 O-O 10. Bf4 Qb6 11. Qb3 Rd8 12. Qxb6 axb6 13. Bc7 Rc8 14. Bd6 Kf8 15. Nc3 Bxd6 16. Rxd6 Bc6 17. Ne5 Ke7 18. Rad1 Ra7 19. Nxc6+ dxc6 20. R6d2 b5 21. cxb5 cxb5 22. Nxb5 Rxa2 23. Nd6 Rc7 24. Nc4 Ra4 25. Rc2 Nbd7 26. h3 g5 27. Rd3 Rxc4 28. Rxc4 Ne5 29. Rdc3 Nxc4 30. Rxc4 Nd5 31. h4 h6 32. hxg5 hxg5 33. Bxd5 exd5 34. Rc2 Kd6 35. e3 g4 36. Kf1 Rb7 37. Ke2 f5 38. Rd2 Ra7 39. Kd3 Ra1 40. Kc3 Rc1+ 41. Rc2 Rb1 42. b3 Ke5 43. Kd2 Kd6 44. Kc3 Ra1 45. Kb2 Rd1 46. Kc3 Rb1 47. Rb2 Rxb2 48. Kxb2 Kc6 49. Kc2 Kb5 50. Kc3 Ka5 51. Kb2 Kb4 52. Kc2 c4 53. bxc4 dxc4 54. Kb2 c3+ 55. Kc2 Kc4 56. Kc1 Kd3 57. Kd1 c2+ 58. Kc1 Kc3 0-1